| 000 | 00949nas a2200265 4500 | ||
|---|---|---|---|
| 001 | BR7904572 | ||
| 003 | BR-BrBNA | ||
| 005 | 20231205083831.0 | ||
| 007 | ta | ||
| 008 | 230509b bl.|||p| |||| 00| 00por d | ||
| 040 |
_aBR-BrBNA _bpor _cBiblioteca Nacional de Agricultura |
||
| 041 | _a(Pt) | ||
| 072 | _aP20 | ||
| 100 | 1 | _aGriffith, J.J. | |
| 111 | 1 |
_a3. Congresso Florestal Brasileiro _cManaus, AM (Brazil) _d4 Dec 1978 |
|
| 245 | 1 | _aAnalise dos recursos visuais do parque nacional da Serra da Canastra [Minas Gerais; Brasil] | |
| 246 | 1 | _a[Analysis of visual resources of the national park of the Canastra mountain range [Minas Gerais; Brazil]] | |
| 650 | _aRecurso da terra | ||
| 650 | _aParque nacional | ||
| 650 | _aSerra da Canastra | ||
| 650 | _aMinas Gerais | ||
| 773 | 0 |
_tBrasil Florestal (Brazil) _xISSN 0045-270X _g(Oct 1979), v. 9(40) p. 13-21 _wBR7904572 |
|
| 909 |
_a202311 _bLúcia _c55 _dLúcia Elande |
||
| 942 |
_2AGRIS _n0 _cANA |
||
| 999 |
_c101473 _d101473 |
||